Statistiken für Beliebteste Anime of all time

Klicken Sie hier um das Quiz zu spielen!

Allgemein

  • Dieses Quiz wurde 532 mal gespielt
  • Das Durchschnittsergebnis liegt bei 4 aus 20

Antwortstatistiken

PlaceAntwort% Korrekt
3Attack on Titan
75%
15Hunter x Hunter
65%
20Demon Slayer
51%
14My Hero Academia
31%
19Code Geass
27%
1Code Geass
27%
11Sword Art Online
26%
10Haikyuu
18%
9Neon genesis Evangelion
15%
2Steins Gate
14%
5Gintama
13%
6Re:Zero
7%
17Kono Suba
4%
13Psycho Pass
3%
12Bakemonogatari
2%
16Clannad After Story
2%
18My teen Romantic Comedy
1%
7Puella Magi Madoka Magica
1%
4Violett Evergarden
1%
8Further away than the Universe
0%

Verteilung der Resultate

Perzentil nach korrekt beantworteten Fragen

Anzahl Personen mit jedem Resultat

Ihre Resultats-Entwicklung

Sie haben dieses Quiz noch nicht gespielt